Riconosci il Pokémon - Quiz n°914 - Statistics

Statistiche generali
  • Questo quiz è stato fatto 0 volte
  • Il punteggio medio è 0 su 10
Statistiche sulle risposte
Indizio Risposta % Corretto
Altezza 1,5 m; 1,4 m (Megaevoluzione); > 20,0 m (Gigamax)
0%
Peso 40,5 kg; 40,0 kg (Megaevoluzione); ???,? kg (Gigamax)
0%
Tasso di cattura 45 (11.9%)
0%
Sesso 50% ♂, 50% ♀
0%
Pokémon Gengar
0%
Abilità Levitazione; Corpofunesto (Normale; Gigamax); Pedinombra (Megaevoluzione)
0%
Tasso di allevamento Medio-Lento
0%
Generazione Prima
0%
Stadio evoluzione Seconda evoluzione
0%
Tipo Spettro / Veleno
0%
Nessun quiz corrispondente trovato
Distribuzione punteggi
Percentuale di utenti per punteggio
Percentile per numero di risposta
I tuoi punteggi nel tempo
Non hai fatto questo quiz